Villes présentes en Star Ligue sur une carte. - Statistiques

Statistiques générales
  • Ce quiz a été pris 158 fois
    90 depuis la dernière actualisation
  • Le résultat moyen est 11 sur 16
Réponses sur la Carte
Les réponses sont colorées sur une échelle allant du rouge au vert en fonction du pourcentage des utilisateurs qui les ont devinées à leur premier essai. Vous pouvez retrouver ces pourcentages ci-dessous.
 
Statistiques - réponses
Ville % Correct
Nantes
96%
Toulouse
95%
Montpellier
90%
Cesson-Sévigné
89%
Paris
89%
Dunkerque
83%
Nîmes
78%
Limoges
75%
Chambéry
68%
Aix-en-Provence
64%
Chartres
58%
Créteil
54%
Istres
43%
Saint-Raphaël
43%
Ivry-sur-Seine
42%
Selestat
35%
Aucun quiz correspondant
Distribution des résultats
% des personnes avec chaque résultat
Percentile par nombre de réponses
Votre historique - résultats
Vous n’avez pas pris ce quiz depuis la dernière actualisation